_ _ _ B B _ _ _ Quiz Stats

 Plays Quiz not verified by Sporcle

Challenge
Share
Tweet
Embed
Score 0/20 Timer 04:00
0 Plays Today
Hint Answer % Correct
Crime (usually) involving a knifeStabbing
92.2%
Having a short growth of beardStubbled
77.5%
More obeseChubbier
75.5%
Swollen with whale fatBlubbery
72.5%
Taking or grasping suddenlyGrabbing
72.5%
Sheath for a swordScabbard
68.6%
Produced saliva (like a baby)Dribbled
67.6%
Exercising weightDumbbell
65.7%
German propaganda minister WWIIGoebbels
64.7%
Striking with a bludgeonClubbing
60.8%
Hint Answer % Correct
Argues over petty thingsQuibbles
59.8%
Produces saliva (like a dog)Slobbers
57.8%
Social arrogance aimed at perceived inferiorsSnobbery
54.9%
Popular card gameCribbage
51%
More ingrained with dirt or sootGrubbier
51%
Tenaciously unwillingStubborn
51%
Divulging confidential information or secretsBlabbing
50%
Most smooth-tongued Glibbest
40.2%
More annoyed and irritableCrabbier
39.2%
Strikes violently and repeatedlyClobbers
37.3%

You're not logged in!

Compare scores with friends on all Sporcle quizzes.
OR
Log In

You Might Also Like...

Show Comments

Extras

Created Sep 4, 2013SourceReportNominate

Top Quizzes Today


Score Distribution

Your Account Isn't Verified!

In order to create a playlist on Sporcle, you need to verify the email address you used during registration. Go to your Sporcle Settings to finish the process.

Report this User

Report this user for behavior that violates our Community Guidelines.

Details: